Normal view
MARC view
Entry Personal Name
001 - CONTROL NUMBER
- control field: 41706
003 - CONTROL NUMBER IDENTIFIER
- control field: dpl
005 - DATE AND TIME OF LATEST TRANSACTION
- control field: 20120213115648.0
008 - FIXED-LENGTH DATA ELEMENTS
- fixed length control field: 120213|||a|||||| | ||| d
040 ## - CATALOGING SOURCE
- Original cataloging agency: dpl
- Transcribing agency: dpl
100 ## - HEADING--PERSONAL NAME
- Personal name: मोहनलाल सूत्रधार
670 ## - SOURCE DATA FOUND
- Source citation: Work cat.: (dpl): मोहनलाल सूत्रधार, मानचित्र कला एवं भू-मापन /, 2010
670 ## - SOURCE DATA FOUND
- Source citation: Work cat.: (dpl): मोहनलाल सूत्रधार, मानचित्र कला एवं भू-मापन /, 2010
